000 00577nam a22002057a 4500
999 _c7747
_d7747
003 OSt
005 20220228130606.0
008 220228b ||||| |||| 00| 0 eng d
020 _a9780230213111
040 _cDDC
082 _a303.482 BRO 2009
100 _aBrown Chris : Ainley, Kirsten
_915802
245 _aUnderstanding International relations
250 _a4th ed. rev. updated.
260 _aLondon
_b: Palgrave Macmillan
_c, C 2009
300 _axi,321p.
_c; 24 cm
504 _aBibliography Index
650 _aInternational relations
_91279
942 _2ddc
_cBOOK